Режимы и надежность работы тиристорного возбудителя синхронной машины

Detaylı Bibliyografya
Yazar: Костелянец В. С. Виктор Семенович
Dil:Rusça
Baskı/Yayın Bilgisi: Ленинград, Энергоатомиздат, 1990
Konular:
Materyal Türü: Kitap
KOHA link:https://koha.lib.tpu.ru/cgi-bin/koha/opac-detail.pl?biblionumber=51779

MARC

LEADER 00000nam0a2200000 4500
001 51779
005 20231031040756.0
010 |a 5283044637 
035 |a (RuTPU)RU\TPU\book\54206 
090 |a 51779 
100 |a 20030508d1990 k y0rusy50 ca 
101 0 |a rus 
102 |a RU 
105 |a a z 001zy 
200 1 |a Режимы и надежность работы тиристорного возбудителя синхронной машины  |f В. С. Костелянец 
210 |a Ленинград  |c Энергоатомиздат  |d 1990 
215 |a 128 с.  |c ил. 
320 |a Библиогр.: с. 122-124. 
610 1 |a синхронные машины 
610 1 |a тиристорные возбудители 
610 1 |a режимы работы 
610 1 |a надежность 
610 1 |a расчеты 
610 1 |a исследование 
675 |a 621.313.32.013  |v 3 
700 1 |a Костелянец  |b В. С.  |g Виктор Семенович 
801 1 |a RU  |b 63413507  |c 20030508  |g PSBO 
801 2 |a RU  |b 63413507  |c 20210527  |g PSBO 
942 |c BK